|
|
|
|
| LEADER |
02702nam a22005055i 4500 |
| 001 |
978-3-662-47456-3 |
| 003 |
DE-He213 |
| 005 |
20151204185822.0 |
| 007 |
cr nn 008mamaa |
| 008 |
150715s2016 gw | s |||| 0|eng d |
| 020 |
|
|
|a 9783662474563
|9 978-3-662-47456-3
|
| 024 |
7 |
|
|a 10.1007/978-3-662-47456-3
|2 doi
|
| 040 |
|
|
|d GrThAP
|
| 050 |
|
4 |
|a TK5102.9
|
| 050 |
|
4 |
|a TA1637-1638
|
| 050 |
|
4 |
|a TK7882.S65
|
| 072 |
|
7 |
|a TTBM
|2 bicssc
|
| 072 |
|
7 |
|a UYS
|2 bicssc
|
| 072 |
|
7 |
|a TEC008000
|2 bisacsh
|
| 072 |
|
7 |
|a COM073000
|2 bisacsh
|
| 082 |
0 |
4 |
|a 621.382
|2 23
|
| 100 |
1 |
|
|a Wang, Liguo.
|e author.
|
| 245 |
1 |
0 |
|a Hyperspectral Image Processing
|h [electronic resource] /
|c by Liguo Wang, Chunhui Zhao.
|
| 264 |
|
1 |
|a Berlin, Heidelberg :
|b Springer Berlin Heidelberg :
|b Imprint: Springer,
|c 2016.
|
| 300 |
|
|
|a XVII, 315 p. 121 illus., 15 illus. in color.
|b online resource.
|
| 336 |
|
|
|a text
|b txt
|2 rdacontent
|
| 337 |
|
|
|a computer
|b c
|2 rdamedia
|
| 338 |
|
|
|a online resource
|b cr
|2 rdacarrier
|
| 347 |
|
|
|a text file
|b PDF
|2 rda
|
| 505 |
0 |
|
|a Basic theory and main processing techniques of hyperspectral remote sensing -- Classification technique for HSI -- Endmember extraction technique of HSI -- Spectral unmixing technique of HSI -- Sub-pixel mapping technique of HSI -- Super-resolution technique of HSI -- Anomaly detection technique of HSI -- Dimensionality reduction and compression technique of HSI -- Introduction to hyperspectral remote sensing applications.
|
| 520 |
|
|
|a Based on the authors’ research, this book introduces the main processing techniques in hyperspectral imaging. In this context, SVM-based classification, distance comparison-based endmember extraction, SVM-based spectral unmixing, spatial attraction model-based sub-pixel mapping, and MAP/POCS-based super-resolution reconstruction are discussed in depth. Readers will gain a comprehensive understanding of these cutting-edge hyperspectral imaging techniques. Researchers and graduate students in fields such as remote sensing, surveying and mapping, geosciences and information systems will benefit from this valuable resource.
|
| 650 |
|
0 |
|a Engineering.
|
| 650 |
|
0 |
|a Image processing.
|
| 650 |
|
0 |
|a Remote sensing.
|
| 650 |
1 |
4 |
|a Engineering.
|
| 650 |
2 |
4 |
|a Signal, Image and Speech Processing.
|
| 650 |
2 |
4 |
|a Image Processing and Computer Vision.
|
| 650 |
2 |
4 |
|a Remote Sensing/Photogrammetry.
|
| 700 |
1 |
|
|a Zhao, Chunhui.
|e author.
|
| 710 |
2 |
|
|a SpringerLink (Online service)
|
| 773 |
0 |
|
|t Springer eBooks
|
| 776 |
0 |
8 |
|i Printed edition:
|z 9783662474556
|
| 856 |
4 |
0 |
|u http://dx.doi.org/10.1007/978-3-662-47456-3
|z Full Text via HEAL-Link
|
| 912 |
|
|
|a ZDB-2-ENG
|
| 950 |
|
|
|a Engineering (Springer-11647)
|